| 000 | 00335nam a22001337a 4500 | ||
|---|---|---|---|
| 999 |
_c12605 _d12605 |
||
| 008 | 241218b 1974 ||||| |||| 00| 0 eng d | ||
| 020 | _a0113405820 | ||
| 082 |
_a363.37092 _bHMS |
||
| 100 | _aHMSO | ||
| 245 | _aManual of firemanship : fire brigade equipment | ||
| 260 |
_aLondon _bHMSO _c1974 |
||
| 300 | _axii, 200p. | ||
| 942 | _cBK | ||